000
00285nam a2200121Ia 4500
005
20251222143146.0
008
251222s9999||||xx |||||||||||||| ||spa||
082
_a
421.55/A38
100
_a
Alderson, J. Charles
245
0
_a
Exámenes de Idiomas:
264
_b
Cambridge
942
_c
LIB
999
_c
12487
_d
12487